[Event "27th North American Open"]
[Site "Las Vegas"]
[Date "2017.12.28"]
[Round "5"]
[White "Matikozyan, Andranik"]
[Black "Wheeler, Cameron"]
[Result "0-1"]
[WhiteElo "2418"]
[BlackElo "2384"]
[PlyCount "92"]
[EventDate "2017.12.??"]
[EventType "swiss"]
[EventRounds "9"]
[EventCountry "USA"]
[Source "MonRoi"]

1. Nf3 Nf6 2. g3 d5 3. Bg2 c6 4. d3 Bf5 5. O-O h6 6. Nfd2 Nbd7 7. e4 dxe4 8.
dxe4 Bh7 9. f4 e6 10. Nc3 Qc7 11. Qe2 Bb4 12. Kh1 O-O-O 13. Nb3 e5 14. f5 Bg8
15. Be3 Ne8 16. Na4 f6 17. c4 b6 18. a3 Be7 19. Nd2 Nc5 20. Nc3 Qd7 21. Rfc1
Nd3 22. Rc2 Bc5 23. Nd5 Bxe3 24. Qxe3 Nc5 25. b4 Na4 26. Nc3 Nxc3 27. Qxc3 Qd4
28. Qxd4 Rxd4 29. c5 bxc5 30. Nf3 Rc4 31. Rxc4 Bxc4 32. Rc1 Bb5 33. Rxc5 Nc7
34. Kg1 Rd8 35. Rc3 Rd3 36. Rxd3 Bxd3 37. Nd2 Nb5 38. Nb3 Nxa3 39. Nc5 Bb5 40.
Ne6 Nc2 41. Nxg7 Nxb4 42. Ne8 a5 43. Bf3 a4 44. Bd1 a3 45. Bb3 Kd8 46. Nxf6 c5
0-1

[Event "27th North American Open"]
[Site "Las Vegas"]
[Date "2017.12.28"]
[Round "5"]
[White "Blatny, Pavel"]
[Black "Paragua, Mark"]
[Result "0-1"]
[WhiteElo "2324"]
[BlackElo "2513"]
[PlyCount "94"]
[EventDate "2017.12.??"]
[EventType "swiss"]
[EventRounds "9"]
[EventCountry "USA"]
[Source "MonRoi"]

1. d4 Nf6 2. Nf3 g6 3. Nc3 d5 4. Bf4 Bg7 5. e3 O-O 6. Be2 Nbd7 7. Ne5 c6 8. h4
Qb6 9. a3 Ne8 10. Nxd7 Bxd7 11. Na4 Qa5+ 12. c3 Nd6 13. Nc5 Bc8 14. h5 Nc4 15.
b4 Qd8 16. Bxc4 dxc4 17. hxg6 fxg6 18. Qe2 Qd5 19. e4 Qf7 20. Be3 b6 21. Na4 e5
22. f3 Be6 23. Rd1 Rad8 24. Qf2 Rd6 25. O-O Qd7 26. Rd2 Rd8 27. Rfd1 Qb7 28.
Bg5 Re8 29. dxe5 Rxd2 30. Qxd2 Bxe5 31. Nb2 c5 32. Rf1 cxb4 33. axb4 Qd7 34.
Qc2 Qg7 35. Nd1 h6 36. Be3 g5 37. Rf2 Qf7 38. Rd2 Rf8 39. Nf2 Qh5 40. Bd4 Bf4
41. Rd1 g4 42. fxg4 Qh2+ 43. Kf1 Bg3 44. e5 Qh1+ 45. Ke2 Bxg4+ 46. Kd2 Rxf2+
47. Bxf2 Bf4+ 0-1

[Event "27th North American Open"]
[Site "Las Vegas"]
[Date "2017.12.28"]
[Round "5"]
[White "Taghizadeh, Rayan"]
[Black "Norowitz, Yaacov"]
[Result "1-0"]
[WhiteElo "2346"]
[BlackElo "2423"]
[PlyCount "69"]
[EventDate "2017.12.??"]
[EventType "swiss"]
[EventRounds "9"]
[EventCountry "USA"]
[Source "MonRoi"]

1. d4 Nf6 2. Bf4 e6 3. e3 Bd6 4. Bxd6 cxd6 5. c4 d5 6. cxd5 Nxd5 7. e4 Nf6 8.
Nc3 d6 9. Nf3 O-O 10. Bd3 Nc6 11. e5 dxe5 12. dxe5 Nd5 13. O-O Nxc3 14. bxc3 b6
15. Qe2 Bb7 16. Rad1 Qe7 17. Qe4 g6 18. Qf4 Kg7 19. h4 Na5 20. Ng5 h6 21. Nh3
Rad8 22. h5 g5 23. Qg3 f5 24. exf6+ Rxf6 25. f4 Qc7 26. Qg4 Qxc3 27. fxg5 Rxf1+
28. Rxf1 Qd4+ 29. Qxd4+ Rxd4 30. Bg6 Rd7 31. gxh6+ Kxh6 32. g4 Nc4 33. g5+ Kg7
34. Nf4 Bd5 35. h6+ 1-0

[Event "27th North American Open"]
[Site "Las Vegas"]
[Date "2017.12.28"]
[Round "5"]
[White "Zhang, Xiaopeng"]
[Black "Perez, Robert"]
[Result "1-0"]
[WhiteElo "2265"]
[BlackElo "2397"]
[PlyCount "97"]
[EventDate "2017.12.??"]
[EventType "swiss"]
[EventRounds "9"]
[EventCountry "USA"]
[Source "MonRoi"]

1. e4 c5 2. Nf3 d6 3. d4 cxd4 4. Nxd4 Nf6 5. Nc3 a6 6. Be3 e5 7. Nb3 Be6 8. f3
Be7 9. Qd2 O-O 10. O-O-O Nbd7 11. g4 b5 12. Rg1 Nb6 13. Na5 Rc8 14. g5 Nh5 15.
Kb1 g6 16. a3 Qc7 17. Nd5 Nxd5 18. exd5 Bd7 19. Bd3 Bd8 20. Nc6 Bxc6 21. dxc6
d5 22. c3 Qxc6 23. Bc2 d4 24. cxd4 exd4 25. Bxd4 Qxf3 26. Rdf1 Qd5 27. Qe3 Rc4
28. Rd1 Qc6 29. Qe5 Rxd4 30. Rxd4 Bb6 31. Re1 Bxd4 32. Qxd4 Ng7 33. h4 Qc7 34.
Qf6 a5 35. Re7 Qc4 36. Re4 Qc5 37. Re5 Qg1+ 38. Ka2 Qh2 39. Bd3 Ne8 40. Qe7 Qd2
41. Qd7 Ng7 42. Qxb5 Qd1 43. Bc4 Nf5 44. Bb3 Qg4 45. Re8 Nd6 46. Rxf8+ Kxf8 47.
Qxa5 Qxh4 48. Qe5 Ne8 49. Qc5+ 1-0

[Event "27th North American Open"]
[Site "Las Vegas"]
[Date "2017.12.28"]
[Round "5"]
[White "Ghatti, Sanjay"]
[Black "Mandizha, Farai"]
[Result "0-1"]
[WhiteElo "2212"]
[BlackElo "2406"]
[PlyCount "82"]
[EventDate "2017.12.??"]
[EventType "swiss"]
[EventRounds "9"]
[EventCountry "USA"]
[Source "MonRoi"]

1. e4 c5 2. Nf3 d6 3. d4 cxd4 4. Nxd4 Nf6 5. Nc3 g6 6. Be3 Bg7 7. f3 O-O 8. Qd2
Nc6 9. Bc4 Bd7 10. h4 Rb8 11. h5 Nxh5 12. g4 Nf6 13. O-O-O b5 14. Bb3 b4 15.
Nd5 e6 16. Nxc6 Bxc6 17. Nxb4 Bb5 18. Qh2 Qa5 19. Bd2 Qb6 20. Bc3 Rfc8 21. Rxd6
Qe3+ 22. Kb1 Rxc3 23. bxc3 Qxc3 24. Rd3 Qc8 25. e5 Nd7 26. Qxh7+ Kf8 27. Re3
Qc5 28. Re4 a5 29. c4 Qxb4 30. cxb5 Qxb5 31. Rd1 a4 32. Re3 axb3 33. axb3 Nxe5
34. Qh4 Qb6 35. f4 Nxg4 36. Red3 Nf6 37. f5 gxf5 38. Qg5 Nd5 39. Qg3 f4 40. Qf3
Qa6 41. Kc1 Rc8+ 0-1

[Event "27th North American Open"]
[Site "Las Vegas"]
[Date "2017.12.28"]
[Round "5"]
[White "Kavutskiy, Konstantin"]
[Black "Krishnamoorthy, Vijay"]
[Result "1-0"]
[WhiteElo "2369"]
[BlackElo "2198"]
[PlyCount "47"]
[EventDate "2017.12.??"]
[EventType "swiss"]
[EventRounds "9"]
[EventCountry "USA"]
[Source "MonRoi"]

1. d4 Nf6 2. c4 d6 3. Nc3 Nc6 4. Nf3 g6 5. e4 Bg7 6. d5 Nb8 7. Bd3 O-O 8. O-O
a5 9. h3 h6 10. Be3 e5 11. dxe6 Bxe6 12. Qd2 Kh7 13. Nd4 Bd7 14. f4 Re8 15.
Rad1 Qe7 16. Bf2 Bc6 17. Rde1 Nbd7 18. Bc2 Nb6 19. Nxc6 bxc6 20. e5 dxe5 21.
fxe5 Nfd7 22. e6 Nf6 23. Bh4 Rad8 24. Qf2 1-0

[Event "27th North American Open"]
[Site "Las Vegas"]
[Date "2017.12.28"]
[Round "5"]
[White "Aaron, Deepak"]
[Black "Wang, Jason"]
[Result "1-0"]
[WhiteElo "2307"]
[BlackElo "2064"]
[PlyCount "63"]
[EventDate "2017.12.??"]
[EventType "swiss"]
[EventRounds "9"]
[EventCountry "USA"]
[Source "MonRoi"]

1. e4 c5 2. Nf3 e6 3. d4 cxd4 4. Nxd4 a6 5. Bd3 Bc5 6. Nb3 Ba7 7. Nc3 Nc6 8.
Qe2 d6 9. Be3 e5 10. Bxa7 Rxa7 11. O-O Nge7 12. f4 exf4 13. Nd5 O-O 14. Nxf4
Ng6 15. Bc4 Nxf4 16. Rxf4 Qe7 17. Bd5 Be6 18. Qf2 Raa8 19. Rf1 Rac8 20. h4 Rc7
21. h5 h6 22. c3 Re8 23. Rf3 Rf8 24. Rg3 Kh8 25. Qf4 Re8 26. Rd1 Rd8 27. Nd2
Ne5 28. Nf1 Bxd5 29. Rxd5 Qe6 30. Ne3 f6 31. Nf5 Kh7 32. Rxg7+ 1-0

[Event "27th North American Open"]
[Site "Las Vegas"]
[Date "2017.12.28"]
[Round "5"]
[White "Jayaraman, Arvind"]
[Black "Niemann, Hans"]
[Result "1/2-1/2"]
[WhiteElo "2166"]
[BlackElo "2297"]
[PlyCount "100"]
[EventDate "2017.12.??"]
[EventType "swiss"]
[EventRounds "9"]
[EventCountry "USA"]
[Source "MonRoi"]

1. d4 Nf6 2. Nf3 c5 3. c3 b6 4. Bg5 e6 5. Nbd2 Bb7 6. e3 Be7 7. Bd3 O-O 8. O-O
cxd4 9. cxd4 Nc6 10. Rc1 Rc8 11. a3 h6 12. Bh4 d5 13. Qe2 Ne4 14. Bxe7 Nxe7 15.
Ba6 Bxa6 16. Qxa6 Nxd2 17. Nxd2 Qd7 18. Qd3 Rc7 19. Nb1 Rfc8 20. Rc3 Rxc3 21.
Nxc3 Nf5 22. Ne2 Qc6 23. Nc3 Nd6 24. Rc1 Qd7 25. h3 Nc4 26. Rc2 Rc6 27. Nb1 Qc7
28. Nd2 Nd6 29. Rxc6 Qxc6 30. Qc3 Qa4 31. g3 Qd1+ 32. Kg2 Qe2 33. a4 Kh7 34. b3
Kg6 35. Qc1 Qd3 36. Qb1 Qxb1 37. Nxb1 Kf5 38. Nc3 Ne4 39. g4+ Kf6 40. Nxe4+
dxe4 41. Kg3 e5 42. d5 Ke7 43. f3 exf3 44. Kxf3 Kd6 45. e4 g6 46. h4 f6 47. Ke3
h5 48. gxh5 gxh5 49. Kd3 f5 50. exf5 Kxd5 1/2-1/2

[Event "27th North American Open"]
[Site "Las Vegas"]
[Date "2017.12.28"]
[Round "5"]
[White "Atoufi, Pedram"]
[Black "Ravuri, Vinesh"]
[Result "0-1"]
[WhiteElo "2284"]
[BlackElo "2003"]
[PlyCount "66"]
[EventDate "2017.12.??"]
[EventType "swiss"]
[EventRounds "9"]
[EventCountry "USA"]
[Source "MonRoi"]

1. e4 e5 2. Nf3 Nc6 3. Bb5 a6 4. Ba4 Nf6 5. O-O Be7 6. Re1 b5 7. Bb3 d6 8. c3
O-O 9. d4 Bg4 10. Be3 exd4 11. cxd4 Na5 12. Bc2 Nc4 13. Bc1 c5 14. b3 Nb6 15.
Nbd2 Rc8 16. h3 Bxf3 17. Nxf3 Nfd7 18. dxc5 Nxc5 19. Bf4 d5 20. e5 Ne6 21. Be3
Bb4 22. Re2 Bc3 23. Qd3 g6 24. Rd1 d4 25. Bh6 Nc5 26. Qxc3 dxc3 27. Rxd8 Rfxd8
28. Bg5 Rd7 29. a3 Ne6 30. Be3 Nd5 31. Bh6 b4 32. a4 Ne7 33. g4 Nc6 0-1

[Event "27th North American Open"]
[Site "Las Vegas"]
[Date "2017.12.28"]
[Round "5"]
[White "Lin, Andy"]
[Black "Kretchetov, Alexandre"]
[Result "1-0"]
[WhiteElo "2144"]
[BlackElo "2264"]
[PlyCount "93"]
[EventDate "2017.12.??"]
[EventType "swiss"]
[EventRounds "9"]
[EventCountry "USA"]
[Source "MonRoi"]

1. Nf3 g6 2. d4 Bg7 3. e4 c6 4. h3 d6 5. a4 a5 6. Bc4 Nf6 7. Qe2 O-O 8. e5 Nd5
9. O-O Nc7 10. Rd1 b6 11. Nbd2 d5 12. Bd3 Ba6 13. Bxa6 Nbxa6 14. Nf1 Qc8 15.
Ne3 f5 16. b3 f4 17. Ng4 Qf5 18. Ba3 Rae8 19. Nh4 Qe6 20. Nh2 c5 21. c3 Qc6 22.
N4f3 Rd8 23. Rac1 Rfe8 24. c4 dxc4 25. Rxc4 Qd5 26. Rd2 Qb7 27. dxc5 bxc5 28.
Rxd8 Rxd8 29. Bxc5 Ne6 30. Ba3 Qxb3 31. Bxe7 Qd1+ 32. Qf1 Rd3 33. Bd6 Qb3 34.
Rc1 Nb4 35. Rb1 Qd5 36. Qe2 Na2 37. Qc2 Bf8 38. Bxf8 Nxf8 39. Ng4 Rc3 40. Nf6+
Kh8 41. Nxd5 Rxc2 42. Rb8 Kg7 43. Rb7+ Kh6 44. Nf6 g5 45. Rf7 Ne6 46. Ng4+ Kh5
47. Rf6 1-0

[Event "27th North American Open"]
[Site "Las Vegas"]
[Date "2017.12.28"]
[Round "5"]
[White "Inapuri, Ramya"]
[Black "Wang, Kevin"]
[Result "0-1"]
[WhiteElo "2143"]
[BlackElo "2027"]
[PlyCount "84"]
[EventDate "2017.12.??"]
[EventType "swiss"]
[EventRounds "9"]
[EventCountry "USA"]
[Source "MonRoi"]

1. g3 Nf6 2. Bg2 g6 3. e4 d6 4. Ne2 Bg7 5. d4 O-O 6. O-O c6 7. h3 Nbd7 8. Be3
Qc7 9. Qd2 e5 10. f4 exd4 11. Bxd4 Re8 12. Nbc3 b5 13. a3 Bb7 14. Rad1 a6 15.
Bf2 Nb6 16. b3 Rad8 17. g4 c5 18. Ng3 b4 19. Nd5 Nfxd5 20. exd5 bxa3 21. c4 a5
22. Qa2 a4 23. Qxa3 axb3 24. Qxb3 Ba6 25. Rc1 Rb8 26. Qd3 Na4 27. Qa3 Qd7 28.
Rc2 Ra8 29. Ne4 Nb2 30. Qf3 Bxc4 31. Bh4 Rxe4 32. Qxe4 Bd3 33. Qf3 Bxc2 34. f5
Bd4+ 35. Kh1 gxf5 36. gxf5 f6 37. Qf4 Re8 38. Rf3 Kh8 39. Qh6 Qg7 40. Qh5 Rg8
41. Rg3 Qe7 42. Ra3 Be4 0-1

[Event "27th North American Open"]
[Site "Las Vegas"]
[Date "2017.12.28"]
[Round "5"]
[White "Wongso, Steve"]
[Black "Yanayt, Eugene"]
[Result "0-1"]
[WhiteElo "1697"]
[BlackElo "2173"]
[PlyCount "152"]
[EventDate "2017.12.??"]
[EventType "swiss"]
[EventRounds "9"]
[EventCountry "USA"]
[Source "MonRoi"]

1. e4 c5 2. Nf3 Nc6 3. Nc3 g6 4. d4 cxd4 5. Nxd4 Bg7 6. Be3 Nf6 7. Bc4 O-O 8.
Bb3 Re8 9. Nxc6 dxc6 10. e5 Ng4 11. e6 f5 12. Qxd8 Rxd8 13. Bg5 Bf6 14. Bxf6
Nxf6 15. O-O Rd6 16. Rad1 Ne8 17. Rxd6 exd6 18. Rd1 Kf8 19. Ne2 Ke7 20. Nd4 Nc7
21. Re1 d5 22. c4 c5 23. Nf3 d4 24. Ng5 h6 25. Nf7 Bxe6 26. Ne5 Kf6 27. f4 Rc8
28. Ba4 Rd8 29. Bc2 Rd6 30. b3 Na6 31. Bb1 Nb4 32. a3 Nc6 33. Nd3 b6 34. Kf2
Bc8 35. Ne5 Bb7 36. g4 Ne7 37. g5+ hxg5 38. fxg5+ Kg7 39. Ng4 Kf8 40. Ne5 Bc8
41. b4 Be6 42. Bd3 Kg7 43. Rb1 Nc6 44. Nxc6 Rxc6 45. b5 Rc8 46. Re1 Kf7 47. a4
a5 48. Kg3 Ke7 49. h4 Kd6 50. Kf4 Rh8 51. Rh1 Bc8 52. Rh2 Bb7 53. h5 gxh5 54.
g6 Ke7 55. g7 Rg8 56. Rxh5 Be4 57. Bxe4 fxe4 58. Kxe4 Rxg7 59. Rh6 Rg4+ 60. Kd3
Rg3+ 61. Kd2 Ra3 62. Rxb6 Rxa4 63. Ra6 Rxc4 64. Rxa5 Kd6 65. Ra6+ Kd5 66. Rh6
Rb4 67. b6 c4 68. Kc2 Kc5 69. b7 Rxb7 70. Rh5+ Kb4 71. Rh1 Rg7 72. Rh2 Rg4 73.
Rf2 d3+ 74. Kd2 Rd4 75. Ke3 Kc3 76. Rd2 Re4+ 0-1

[Event "27th North American Open"]
[Site "Las Vegas"]
[Date "2017.12.28"]
[Round "6.1"]
[White "Subramanian, Arun"]
[Black "Bryant, John"]
[Result "1/2-1/2"]
[WhiteElo "2490"]
[BlackElo "2437"]
[PlyCount "49"]
[EventDate "2017.12.??"]
[EventType "swiss"]
[EventRounds "9"]
[EventCountry "USA"]
[Source "MonRoi"]

1. d4 d5 2. c4 e6 3. Nc3 Be7 4. cxd5 exd5 5. Bf4 c6 6. e3 Bf5 7. g4 Be6 8. h4
g6 9. Be5 f6 10. Bg3 Bd6 11. Bxd6 Qxd6 12. g5 Nd7 13. Nge2 Ne7 14. Nf4 O-O-O
15. Qa4 Kb8 16. O-O-O Bf5 17. Bd3 h6 18. Bxf5 Nxf5 19. gxh6 Rxh6 20. Qc2 Ne7
21. Rdg1 f5 22. h5 Rdh8 23. Qd1 gxh5 24. Nxh5 Ng6 25. Ng3 1/2-1/2

[Event "27th North American Open"]
[Site "Las Vegas"]
[Date "2017.12.28"]
[Round "6.2"]
[White "Shmelov, Denys"]
[Black "Sevian, Samuel"]
[Result "0-1"]
[WhiteElo "2420"]
[BlackElo "2614"]
[PlyCount "94"]
[EventDate "2017.12.??"]
[EventType "swiss"]
[EventRounds "9"]
[EventCountry "USA"]
[Source "MonRoi"]

1. d4 Nf6 2. c4 g6 3. Nc3 d5 4. cxd5 Nxd5 5. Bd2 Bg7 6. e4 Nb6 7. Be3 O-O 8. h3
f5 9. exf5 Bxf5 10. Qb3+ Kh8 11. Nf3 Qd6 12. Rd1 a5 13. Bd3 a4 14. Qc2 a3 15.
Bxf5 Rxf5 16. b3 Nc6 17. O-O Nb4 18. Qd2 N6d5 19. Nxd5 Nxd5 20. Rfe1 Raf8 21.
Bh6 Rxf3 22. gxf3 Rxf3 23. Bxg7+ Kxg7 24. Qe2 Rxh3 25. Qe5+ Kf7 26. Qxd6 exd6
27. Kg2 Nf4+ 28. Kg1 Rc3 29. Rd2 Nd5 30. Kg2 h5 31. Kh2 b5 32. Kg2 b4 33. Kh2
g5 34. Kg2 g4 35. Kh2 Rh3+ 36. Kg1 Rf3 37. Re4 Rf6 38. Rde2 Rf4 39. Re8 Rxd4
40. Rh8 Nf6 41. Rc8 c5 42. Kh2 Ne4 43. Rh8 Kg6 44. Kg2 d5 45. Rg8+ Kf7 46. Rh8
Rd2 47. Kf1 g3 0-1

[Event "27th North American Open"]
[Site "Las Vegas"]
[Date "2017.12.28"]
[Round "6.3"]
[White "Li, Ruifeng"]
[Black "Lee, Michael"]
[Result "1-0"]
[WhiteElo "2569"]
[BlackElo "2406"]
[PlyCount "39"]
[EventDate "2017.12.??"]
[EventType "swiss"]
[EventRounds "9"]
[EventCountry "USA"]
[Source "MonRoi"]

1. b3 c5 2. Bb2 Nc6 3. Nf3 d5 4. d4 cxd4 5. Nxd4 f6 6. e4 e5 7. Nxc6 bxc6 8.
exd5 Qxd5 9. Nc3 Qxd1+ 10. Rxd1 Bf5 11. Bd3 Bxd3 12. Rxd3 Rd8 13. Rxd8+ Kxd8
14. Ke2 Ne7 15. Rd1+ Kc7 16. Ne4 Nd5 17. g3 Be7 18. c4 Nb6 19. Bc3 Rd8 20. c5
1-0

[Event "27th North American Open"]
[Site "Las Vegas"]
[Date "2017.12.28"]
[Round "6.4"]
[White "Patel, Advait"]
[Black "Hess, Robert"]
[Result "0-1"]
[WhiteElo "2478"]
[BlackElo "2568"]
[PlyCount "100"]
[EventDate "2017.12.??"]
[EventType "swiss"]
[EventRounds "9"]
[EventCountry "USA"]
[Source "MonRoi"]

1. e4 e6 2. d4 d5 3. Nc3 Nf6 4. e5 Nfd7 5. f4 c5 6. Nf3 Nc6 7. Be3 Be7 8. Qd2
a6 9. Be2 O-O 10. O-O b5 11. a3 Qb6 12. Nd1 cxd4 13. Nxd4 Nxd4 14. Bxd4 Qxd4+
15. Qxd4 Bc5 16. c3 Bxd4+ 17. cxd4 Nb8 18. Kf2 Nc6 19. Ke3 Bd7 20. Rc1 Rfb8 21.
Rc5 b4 22. a4 b3 23. Nc3 Nb4 24. Bd3 Nc2+ 25. Bxc2 bxc2 26. Rc1 Rxb2 27. Kd3
Rb4 28. Rxc2 h5 29. Ra2 Ra7 30. g3 Kh7 31. h3 Rab7 32. Ra5 Rc7 33. Rxa6 Rcc4
34. Ne2 Bxa4 35. Ra7 Kg8 36. Ra8+ Kh7 37. Ra7 Be8 38. Ke3 Rb3+ 39. Kf2 h4 40.
Re7 Rc8 41. Kg2 Bb5 42. Rb7 hxg3 43. Rxf7 Bd3 44. Nxg3 Bg6 45. Re7 Rcc3 46. Nf1
Be4+ 47. Kf2 Rf3+ 48. Ke2 Rxf4 49. Nd2 Rxh3 50. Rxe6 Bd3+ 0-1

[Event "27th North American Open"]
[Site "Las Vegas"]
[Date "2017.12.28"]
[Round "6"]
[White "Wheeler, Cameron"]
[Black "Ghaemmaghami, Ehsan"]
[Result "1-0"]
[WhiteElo "2384"]
[BlackElo "2545"]
[PlyCount "43"]
[EventDate "2017.12.??"]
[EventType "swiss"]
[EventRounds "9"]
[EventCountry "USA"]
[Source "MonRoi"]

1. d4 Nf6 2. Nf3 e6 3. g3 c5 4. Bg2 b5 5. e4 Bb7 6. e5 Nd5 7. O-O Nc6 8. a4 b4
9. c4 bxc3 10. Nxc3 Nxc3 11. bxc3 Be7 12. d5 exd5 13. Qxd5 Na5 14. Qd3 O-O 15.
Bf4 Bc6 16. Rfd1 Rc8 17. h4 h6 18. Qf5 Nb3 19. Rab1 Bxa4 20. Bxh6 c4 21. Qg4 g6
22. e6 1-0

[Event "27th North American Open"]
[Site "Las Vegas"]
[Date "2017.12.28"]
[Round "6"]
[White "Paragua, Mark"]
[Black "Hilby, Craig"]
[Result "1/2-1/2"]
[WhiteElo "2513"]
[BlackElo "2390"]
[PlyCount "50"]
[EventDate "2017.12.??"]
[EventType "swiss"]
[EventRounds "9"]
[EventCountry "USA"]
[Source "MonRoi"]

1. d4 Nf6 2. c4 g6 3. Nc3 d5 4. Nf3 Bg7 5. Qb3 dxc4 6. Qxc4 O-O 7. e4 a6 8. Be2
b5 9. Qb3 c5 10. dxc5 Be6 11. Qc2 Nbd7 12. Be3 Rc8 13. c6 Rxc6 14. Nd4 Rc8 15.
Nxe6 fxe6 16. Qb3 Nc5 17. Bxc5 Rxc5 18. Qxe6+ Kh8 19. O-O Qd2 20. e5 Qxb2 21.
exf6 Rxf6 22. Qxe7 Qxc3 23. Rad1 Rf8 24. Rd8 Rcf5 25. Rfd1 Qc5 1/2-1/2

[Event "27th North American Open"]
[Site "Las Vegas"]
[Date "2017.12.28"]
[Round "6"]
[White "Brown, Michael"]
[Black "Coleman, Teddy"]
[Result "1/2-1/2"]
[WhiteElo "2506"]
[BlackElo "2386"]
[PlyCount "99"]
[EventDate "2017.12.??"]
[EventType "swiss"]
[EventRounds "9"]
[EventCountry "USA"]
[Source "MonRoi"]

1. d4 d5 2. c4 c6 3. cxd5 cxd5 4. Nc3 Nf6 5. Bg5 Ne4 6. Nxe4 dxe4 7. a3 Qd5 8.
Bh4 Nc6 9. e3 e5 10. Ne2 exd4 11. Nc3 Qa5 12. exd4 g5 13. Bg3 Bg7 14. Bc4 O-O
15. O-O Bf5 16. Bd6 Rfc8 17. Qb3 Bg6 18. Qxb7 Qd8 19. Bc5 Nxd4 20. b4 Nf3+ 21.
gxf3 Bxc3 22. Rad1 Qf6 23. fxe4 Be5 24. f3 Qf4 25. Rf2 g4 26. Be2 gxf3 27. Bxf3
Kh8 28. Qd5 f6 29. Qd2 Qh4 30. Rg2 Rg8 31. Bf2 Qh3 32. Bg3 Bf7 33. Bxe5 fxe5
34. Qd6 Rxg2+ 35. Bxg2 Qe3+ 36. Kh1 Qg5 37. Qd2 Qh4 38. Rf1 Bg6 39. Qd6 Re8 40.
Qf6+ Qxf6 41. Rxf6 Rc8 42. h4 Kg7 43. Rd6 Rc3 44. Rd7+ Kh6 45. Rxa7 Kh5 46. Ra5
Kxh4 47. Kh2 Kg4 48. Rxe5 Rxa3 49. b5 Rb3 50. Rc5 1/2-1/2

[Event "27th North American Open"]
[Site "Las Vegas"]
[Date "2017.12.28"]
[Round "6"]
[White "Mitkov, Nikola"]
[Black "Taghizadeh, Rayan"]
[Result "1/2-1/2"]
[WhiteElo "2461"]
[BlackElo "2346"]
[PlyCount "105"]
[EventDate "2017.12.??"]
[EventType "swiss"]
[EventRounds "9"]
[EventCountry "USA"]
[Source "MonRoi"]

1. e4 c5 2. Nc3 e6 3. Nf3 a6 4. d4 cxd4 5. Nxd4 b5 6. Bd3 Qb6 7. Nb3 Qc7 8. O-O
Bb7 9. Qe1 Nf6 10. Bd2 b4 11. Nd1 Nc6 12. f4 a5 13. Nf2 a4 14. Nc1 Bc5 15. Be3
Bxe3 16. Qxe3 d6 17. a3 O-O 18. Ne2 Ra5 19. c3 bxa3 20. Rxa3 Rfa8 21. Rfa1 Nd7
22. Rd1 Ba6 23. Ra2 Bxd3 24. Qxd3 d5 25. exd5 Rxd5 26. Qb1 Rxd1+ 27. Qxd1 Nb6
28. b4 axb3 29. Rxa8+ Nxa8 30. Qxb3 Nb6 31. Qb5 h6 32. h3 Na7 33. Qd3 Qd7 34.
Qxd7 Nxd7 35. Nd3 Nc6 36. Kf2 Kf8 37. Ke3 Ke7 38. Nd4 Na5 39. Nb5 Nb3 40. Nb4
Ndc5 41. Nc6+ Kd7 42. Ne5+ Ke7 43. Nd4 Na5 44. Nb5 Nab3 45. c4 f6 46. Nd3 Na4
47. g4 g5 48. f5 exf5 49. gxf5 h5 50. Nc7 Kd6 51. Nd5 Nac5 52. Nxf6 Nxd3 53.
Kxd3 1/2-1/2

[Event "27th North American Open"]
[Site "Las Vegas"]
[Date "2017.12.28"]
[Round "6"]
[White "Kolev, Atanas"]
[Black "Zhang, Xiaopeng"]
[Result "1-0"]
[WhiteElo "2552"]
[BlackElo "2265"]
[PlyCount "43"]
[EventDate "2017.12.??"]
[EventType "swiss"]
[EventRounds "9"]
[EventCountry "USA"]
[Source "MonRoi"]

1. d4 Nf6 2. Nf3 e6 3. g3 b6 4. Bg2 Bb7 5. O-O c5 6. c4 cxd4 7. Qxd4 d6 8. Nc3
a6 9. Rd1 Nbd7 10. Ng5 Bxg2 11. Kxg2 Qc7 12. Nge4 Rc8 13. b3 Qb7 14. f3 Rc6 15.
Ba3 Nxe4 16. Nxe4 Nc5 17. Rac1 f5 18. Nf2 Kf7 19. b4 Nd7 20. e4 Rc7 21. exf5
exf5 22. Qf4 1-0

[Event "27th North American Open"]
[Site "Las Vegas"]
[Date "2017.12.28"]
[Round "6"]
[White "Yoo, Christopher"]
[Black "Matikozyan, Andranik"]
[Result "1-0"]
[WhiteElo "2254"]
[BlackElo "2418"]
[PlyCount "77"]
[EventDate "2017.12.??"]
[EventType "swiss"]
[EventRounds "9"]
[EventCountry "USA"]
[Source "MonRoi"]

1. e4 c5 2. Nf3 d6 3. d4 cxd4 4. Nxd4 Nf6 5. Nc3 a6 6. f3 e5 7. Nb3 Be6 8. Be3
Nbd7 9. Qd2 b5 10. a4 b4 11. Nd5 Bxd5 12. exd5 Nb6 13. Bxb6 Qxb6 14. a5 Qb7 15.
Bc4 Be7 16. Ra4 Rb8 17. Nc1 Bd8 18. b3 O-O 19. Kd1 e4 20. Na2 Nd7 21. Rxb4 Qa7
22. Rxb8 Qxb8 23. fxe4 Re8 24. Nb4 Ne5 25. Nc6 Nxc4 26. Qd4 Nb2+ 27. Qxb2 Qc8
28. Qc3 f5 29. Re1 Bf6 30. Qf3 fxe4 31. Rxe4 Rf8 32. Qg4 Qb7 33. Rb4 Qc7 34.
Qe6+ Kh8 35. Rf4 Qb7 36. g4 Rg8 37. Rf5 Qb5 38. g5 Bc3 39. Qxg8+ 1-0

[Event "27th North American Open"]
[Site "Las Vegas"]
[Date "2017.12.28"]
[Round "6"]
[White "Bick, Gabriel"]
[Black "Aaron, Deepak"]
[Result "1/2-1/2"]
[WhiteElo "2416"]
[BlackElo "2307"]
[PlyCount "117"]
[EventDate "2017.12.??"]
[EventType "swiss"]
[EventRounds "9"]
[EventCountry "USA"]
[Source "MonRoi"]

1. e4 e6 2. d4 d5 3. Nd2 Nf6 4. e5 Nfd7 5. Bd3 c5 6. c3 Nc6 7. Ne2 a5 8. O-O a4
9. a3 cxd4 10. cxd4 Nb6 11. Nf3 Be7 12. Nc3 Bd7 13. Bc2 Qb8 14. Bg5 h6 15. Bxe7
Nxe7 16. Ne1 Nc6 17. Qg4 Kf8 18. Nd3 Be8 19. Nc5 Qc8 20. N5xa4 Nxa4 21. Bxa4
Na5 22. Bxe8 Qxe8 23. a4 Kg8 24. Nb5 Qe7 25. f4 Nb3 26. Ra3 Nd2 27. Rc1 Ne4 28.
f5 h5 29. Qf4 exf5 30. Qxf5 Rh6 31. Rc7 Qe6 32. Rf3 Qxf5 33. Rxf5 Rxa4 34.
Rfxf7 Rg6 35. Nd6 Rxd4 36. Rxg7+ Rxg7 37. Rxg7+ Kxg7 38. Nf5+ Kf7 39. Nxd4 Nc5
40. b3 Nd3 41. e6+ Kf6 42. g3 Ne5 43. Kf2 Ng4+ 44. Kg2 Ne5 45. Nf5 Kxe6 46.
Ng7+ Kf6 47. Nxh5+ Kf5 48. Kf1 Nf3 49. h4 Nd2+ 50. Ke2 Nxb3 51. Nf4 Ke4 52. Ne6
Kf5 53. Ng5 b5 54. Ke3 b4 55. Nf3 Nc5 56. Kd4 Ne4 57. Kxd5 Nxg3 58. Kc4 Kg4 59.
Kxb4 1/2-1/2

[Event "27th North American Open"]
[Site "Las Vegas"]
[Date "2017.12.28"]
[Round "6"]
[White "Banawa, Joel"]
[Black "Guo, Arthur"]
[Result "1/2-1/2"]
[WhiteElo "2397"]
[BlackElo "2240"]
[PlyCount "104"]
[EventDate "2017.12.??"]
[EventType "swiss"]
[EventRounds "9"]
[EventCountry "USA"]
[Source "MonRoi"]

1. d4 Nf6 2. c4 e6 3. Nf3 Bb4+ 4. Bd2 Qe7 5. g3 O-O 6. Nc3 b6 7. Bg2 Bb7 8. O-O
d6 9. d5 e5 10. Nh4 Bxc3 11. Bxc3 g6 12. e4 Nbd7 13. Bd2 c6 14. Bg5 cxd5 15.
cxd5 Ba6 16. Re1 Rfc8 17. Bh3 Rc7 18. Bxd7 Rxd7 19. Re3 h6 20. Bxh6 Nh7 21. Qa4
Bc8 22. Rc1 Rd8 23. Nf3 Bh3 24. Qd1 Rac8 25. Rec3 Rxc3 26. Rxc3 Rc8 27. Rxc8+
Bxc8 28. h4 Qc7 29. Qc1 Qxc1+ 30. Bxc1 f5 31. Nd2 Nf6 32. f3 fxe4 33. fxe4 Kf7
34. Kf2 b5 35. Ke3 Bh3 36. Nf3 Ke7 37. Bd2 Ng4+ 38. Ke2 Bg2 39. Be3 a6 40. Nd2
Kd7 41. a3 Ke8 42. b3 Kd7 43. a4 Ke8 44. axb5 axb5 45. b4 Kd7 46. Kd3 Nf6 47.
Bg5 Ng4 48. Ke2 Kc8 49. Be7 Kd7 50. Bf8 Nf6 51. Ke3 Ng4+ 52. Ke2 Nf6 1/2-1/2